<?xml version="1.0" encoding="UTF-8"?>
<collection xmlns="http://www.loc.gov/MARC21/slim">
 <record>
  <leader>02130cam a2200421   4500</leader>
  <controlfield tag="001">272882119</controlfield>
  <controlfield tag="003">DE-627</controlfield>
  <controlfield tag="005">20211113104241.0</controlfield>
  <controlfield tag="007">tu</controlfield>
  <controlfield tag="008">850101s1985    xx |||||      00| ||ger c</controlfield>
  <datafield tag="020" ind1=" " ind2=" ">
   <subfield code="a">3515043896</subfield>
   <subfield code="9">3-515-04389-6</subfield>
  </datafield>
  <datafield tag="035" ind1=" " ind2=" ">
   <subfield code="a">(DE-627)272882119</subfield>
  </datafield>
  <datafield tag="035" ind1=" " ind2=" ">
   <subfield code="a">(DE-576)009997660</subfield>
  </datafield>
  <datafield tag="035" ind1=" " ind2=" ">
   <subfield code="a">(DE-599)GBV272882119</subfield>
  </datafield>
  <datafield tag="035" ind1=" " ind2=" ">
   <subfield code="a">(OCoLC)237335794</subfield>
  </datafield>
  <datafield tag="035" ind1=" " ind2=" ">
   <subfield code="a">(OCoLC)237335794</subfield>
  </datafield>
  <datafield tag="040" ind1=" " ind2=" ">
   <subfield code="a">DE-627</subfield>
   <subfield code="b">ger</subfield>
   <subfield code="c">DE-627</subfield>
   <subfield code="e">rakwb</subfield>
  </datafield>
  <datafield tag="041" ind1=" " ind2=" ">
   <subfield code="a">ger</subfield>
   <subfield code="a">eng</subfield>
  </datafield>
  <datafield tag="084" ind1=" " ind2=" ">
   <subfield code="a">9,10</subfield>
   <subfield code="2">ssgn</subfield>
  </datafield>
  <datafield tag="084" ind1=" " ind2=" ">
   <subfield code="a">LH 62040</subfield>
   <subfield code="2">rvk</subfield>
   <subfield code="0">(DE-625)rvk/94236:</subfield>
  </datafield>
  <datafield tag="245" ind1="1" ind2="0">
   <subfield code="a">Kategorien und Methoden der deutschen Kunstgeschichte 1900 - 1930</subfield>
   <subfield code="c">hrsg. von Lorenz Dittmann. Beitr. von Oskar Bätschmann ... [Aus den Arbeitskreisen &quot;Methoden der Geisteswissenschaften&quot; der Fritz-Thyssen-Stiftung]</subfield>
  </datafield>
  <datafield tag="264" ind1=" " ind2="1">
   <subfield code="a">Stuttgart</subfield>
   <subfield code="b">Steiner-Verl.-Wiesbaden-GmbH</subfield>
   <subfield code="c">1985</subfield>
  </datafield>
  <datafield tag="300" ind1=" " ind2=" ">
   <subfield code="a">364 S.</subfield>
   <subfield code="b">Ill., graph. Darst.</subfield>
  </datafield>
  <datafield tag="336" ind1=" " ind2=" ">
   <subfield code="a">Text</subfield>
   <subfield code="b">txt</subfield>
   <subfield code="2">rdacontent</subfield>
  </datafield>
  <datafield tag="337" ind1=" " ind2=" ">
   <subfield code="a">ohne Hilfsmittel zu benutzen</subfield>
   <subfield code="b">n</subfield>
   <subfield code="2">rdamedia</subfield>
  </datafield>
  <datafield tag="338" ind1=" " ind2=" ">
   <subfield code="a">Band</subfield>
   <subfield code="b">nc</subfield>
   <subfield code="2">rdacarrier</subfield>
  </datafield>
  <datafield tag="583" ind1="1" ind2=" ">
   <subfield code="a">Archivierung/Langzeitarchivierung gewährleistet</subfield>
   <subfield code="f">PEBW</subfield>
   <subfield code="2">pdager</subfield>
   <subfield code="5">DE-24</subfield>
  </datafield>
  <datafield tag="700" ind1="1" ind2=" ">
   <subfield code="a">Dittmann, Lorenz</subfield>
   <subfield code="d">1928-2018</subfield>
   <subfield code="e">Hrsg.</subfield>
   <subfield code="0">(DE-588)119266008</subfield>
   <subfield code="0">(DE-627)080070361</subfield>
   <subfield code="0">(DE-576)160746531</subfield>
   <subfield code="4">edt</subfield>
  </datafield>
  <datafield tag="700" ind1="1" ind2=" ">
   <subfield code="a">Bätschmann, Oskar</subfield>
   <subfield code="d">1943-</subfield>
   <subfield code="e">Mitarb.</subfield>
   <subfield code="0">(DE-588)115445277</subfield>
   <subfield code="0">(DE-627)077256638</subfield>
   <subfield code="0">(DE-576)160144604</subfield>
   <subfield code="4">oth</subfield>
  </datafield>
  <datafield tag="710" ind1="2" ind2=" ">
   <subfield code="a">Fritz-Thyssen-Stiftung</subfield>
   <subfield code="0">(DE-588)2010888-6</subfield>
   <subfield code="0">(DE-627)101708831</subfield>
   <subfield code="0">(DE-576)191656461</subfield>
   <subfield code="4">oth</subfield>
  </datafield>
  <datafield tag="787" ind1="0" ind2="8">
   <subfield code="i">Rezensiert in</subfield>
   <subfield code="a">Hoffmann, Konrad, 1938 - 2007</subfield>
   <subfield code="t">[Rezension von: Lorenz Dittmann [Hrsg.], Kategorien und Methoden der deutschen Kunstgeschichte 1900 - 1930]</subfield>
   <subfield code="d">Nürnberg : Carl, 1988</subfield>
   <subfield code="w">(DE-627)173894509X</subfield>
  </datafield>
  <datafield tag="850" ind1=" " ind2=" ">
   <subfield code="a">aa</subfield>
  </datafield>
  <datafield tag="856" ind1="4" ind2="2">
   <subfield code="u">http://d-nb.info/850642841/04</subfield>
   <subfield code="m">B:DE-101</subfield>
   <subfield code="q">application/pdf</subfield>
   <subfield code="3">Inhaltsverzeichnis</subfield>
  </datafield>
  <datafield tag="935" ind1=" " ind2=" ">
   <subfield code="i">Blocktest</subfield>
  </datafield>
  <datafield tag="936" ind1="r" ind2="v">
   <subfield code="a">LH 62040</subfield>
   <subfield code="b">in einzelnen Ländern (ohne Differenzierung)</subfield>
   <subfield code="k">Kunstgeschichte</subfield>
   <subfield code="k">Allgemeines. Allgemeine Kunstgeschichte</subfield>
   <subfield code="k">Geschichte der Kunstwissenschaft</subfield>
   <subfield code="k">in einzelnen Ländern (ohne Differenzierung)</subfield>
   <subfield code="0">(DE-627)1270703455</subfield>
   <subfield code="0">(DE-625)rvk/94236:</subfield>
   <subfield code="0">(DE-576)200703455</subfield>
  </datafield>
  <datafield tag="951" ind1=" " ind2=" ">
   <subfield code="a">BO</subfield>
  </datafield>
  <datafield tag="991" ind1=" " ind2=" ">
   <subfield code="a">Rezensiertes Werk</subfield>
  </datafield>
  <datafield tag="999" ind1=" " ind2=" ">
   <subfield code="a">KXP-PPN272882119</subfield>
   <subfield code="e">4050808153</subfield>
  </datafield>
 </record>
</collection>
